000 00586nam a2200229Ia 4500
005 20260115174142.0
008 008 260114s9999 xx 000 0 eng d
020 _a9780511783951
037 _aEBOOK
040 _aCRL
_beng
_cCRL
041 _aeng
_2eng
084 _qCRL
100 _aPalgrave
_9897147
245 0 _aDutch Guiana
260 _bCambridge University Press
260 _bCambridge University Press
260 _c1899
650 _aHistory
_9897148
856 _uhttps://doi.org/10.1017/CBO9780511783951
942 _cEBOOK
999 _c1490279
_d1490279